000 00718nam a2200205 a 4500
001 BRCA_8596
005 20190320210336.0
008 250816s2015----mx-a######---#000-0#spa-#
020 _a9786077611677
041 _aspa
044 _amx
050 4 _aNK5114
_b.M57 2015
245 1 0 _aEl misterio de la luz
_bvidrio mexicano
_ctextos y presentaciones Rafael Tovar y de Teresa ... [et al.] ; fotografía Carlos Contreras de Oteyza.
260 _aMéxico
_bSecretaría de Cultura : Museo de Arte Popular
_c2015
300 _a171 p.
_bil. a color
_c25 cm.
650 1 4 _aVidrio
_xDiseño
_zMéxico
_910637
700 1 _aTovar y de Teresa, Rafael
_921496
700 1 _aContreras de Oteyza, Carlos
_eil.
_921497
942 _2lcc
_cB
999 _c8259
_d8259